Les films de Ingmar Bergman en images. - Statistiques

Statistiques générales
  • Ce quiz a été pris 3 fois
  • Le résultat moyen est 11 sur 15
Statistiques - réponses
Par images Réponse % Correct
Cris et Chuchotements
100%
Fanny et Alexandre
100%
La Honte
100%
Le Septième Sceau
100%
Les Fraises sauvages
100%
L'Heure du loup
100%
Monika
100%
Persona
100%
Sonate d'automne
100%
La Source
50%
Le Silence
50%
Sourires d'une nuit d'été
50%
À travers le miroir
0%
Les Communiants
0%
Une passion
0%
Aucun quiz correspondant
Distribution des résultats
% des personnes avec chaque résultat
Percentile par nombre de réponses
Votre historique - résultats
Vous n’avez pas pris ce quiz